Sporcle Scattergories Quiz Stats

 Plays Quiz Updated Oct 4, 2018

Challenge
Share
Tweet
Embed
Score 0/70 Timer 12:00
2 Plays Today
% Correct
...Sweden...
91.1%
...Portugal...
90.4%
...Canada...
86.4%
...Laos...
82.9%
...red...
81.1%
...Eritrea...
78.9%
...carbon...
78.3%
...orange...
77.8%
...Russia...
77.4%
...sulfur...
76.8%
...oxygen...
73.4%
...lead...
70.2%
..phosphorus...
68.2%
...rhenium...
64.3%
Oman
62.4%
...Pikachu...
56.8%
...Orion...
52.7%
...sky blue...
49%
...Ezra...
47.6%
...Saints....
45.7%
...Raiders...
45%
...Cardinals...
44.8%
...Packers...
43.8%
...Lamentations...
39.9%
Lions
39.6%
...Crash...
39.1%
Eagles
39%
...peach...
38.8%
...ER...
38%
...Ophelia....
37.6%
...Seinfeld...
35.9%
...erbium...
34.8%
...Squirtle...
34.6%
...Libra...
33.3%
...Charizard...
32.9%
% Correct
...Proverbs...
32.7%
Ruth
31.8%
...Spotlight...
28.4%
...Cancer...
27.1%
...Cordelia...
26.9%
...Song of Solomon...
26.5%
Oilers
25.6%
...cornflower...
24%
...Cheers...
23.4%
...Pegasus...
22.8%
...Scorpius...
22.8%
...Rattata...
22.7%
...Lost...
22.3%
...On the Waterfront...
19.5%
...Rebecca...
19.2%
...lavender...
18.5%
...Portia...
18.2%
...Oddish...
18.1%
...Eevee...
17.9%
Chronicles
15.5%
Obadiah
13.8%
The Office
13.7%
...Regan...
13.4%
...Emilia...
13.2%
...Lickitung...
12%
...Lawrence of Arabia...
11.5%
...Platoon...
10.9%
...eggplant...
7.4%
The English Patient
6%
...Picket Fences...
2.7%
Silvia
2.5%
...Lavinia...
2.4%
...Equuleus...
1.3%
...The Rockford Files...
1.2%
Reticulum
1.1%

You're not logged in!

Compare scores with friends on all Sporcle quizzes.
OR
Log In

You Might Also Like...

Show Comments

Extras

Top Quizzes Today


Score Distribution

Your Account Isn't Verified!

In order to create a playlist on Sporcle, you need to verify the email address you used during registration. Go to your Sporcle Settings to finish the process.

Report this User

Report this user for behavior that violates our Community Guidelines.

Details: